Stretnutie používateľov knižnično-informačného systému LIBRIS

Podrobná bibliografia
Hlavný autor: Peťovská, Margita (Autor)
Médium: Článok
Jazyk:slovenčina
ISSN:1210-096X
Predmet:

MARC

LEADER 00000nab a2200000 a 4500
001 vtls000713655
003 SK-MaSNL
005 20260304120240.0
008 250429c2000 xo 0 slo
015 |a SNBRB2000/02-03355 
035 |a CLN000065822 
035 |a urn:nbn:sk:snk-ab6ipn 
035 |a (uuid)f6ae3e99-df43-40d2-9a51-cd08837a3ea0 
035 |a (urnnbn)urn:nbn:sk:snk:ar-0044s1 
040 |a SNKBUCL  |b slo  |c SNKBUCL  |e AACR2 
041 0 |a slo 
044 |a xo  |c SK 
080 |a 002.6:681.3  |2 1997 
080 |a 681.3:002.6  |2 1997 
100 1 |a Peťovská, Margita  |4 aut  |9 275040 
245 1 0 |a Stretnutie používateľov knižnično-informačného systému LIBRIS  |c Margita Peťovská 
630 0 7 |a Libris (knižničný systém)  |2 snkbucl  |9 154531 
650 0 7 |a knižničné systémy  |2 snkbucl  |9 70118 
655 7 |a články z novín a časopisov  |2 snkbucl  |9 267496 
773 0 |t Knižnice a informácie  |g Roč. 32, č. 1 (2000), s. 41-42  |x 1210-096X 
850 |a Slovenská národná knižnica 
852 |a Slovenská národná knižnica 
954 |a odborná, vedecká literatúra pôvodná (slovenská)  |2 lita 
958 |a article2022 
958 |a KL 
958 |a SK 
958 |a OND 
958 |a EUIPO 
992 |a RBX 
999 |c 2879181  |d 2881111